000 00324nam a2200133Ia 4500
005 20260326100027.0
008 260326s9999||||xx |||||||||||||| ||und||
100 _aD'Ors, Victor
245 0 _aArquitectura y Humanismo /
_cVictor D'Ors
260 _bLabor
300 _a154 p.
650 _aARQUITECTURA-GENERAL
942 _cBK
999 _c6447
_d6447